| 000 | 00998nas a2200337 4500 | ||
|---|---|---|---|
| 001 | BR0703657 | ||
| 003 | BR-BrBNA | ||
| 005 | 20231205110909.0 | ||
| 007 | ta | ||
| 008 | 230509b bl.|||p| |||| 00| 00por d | ||
| 040 |
_aBR-BrBNA _bpor _cBiblioteca Nacional de Agricultura |
||
| 041 | _a(Pt) | ||
| 072 | _aE14; E70 | ||
| 100 | 1 | _aProtasio, P.M.L.C. | |
| 100 | 1 | _aCruvinel, P.E. | |
| 100 | 1 | _aMeira, M.B. | |
| 100 | 1 | _aUchoa Júnior, P.P. de M. | |
| 245 | 1 | _aProjeto ripa: plataforma de logística | |
| 650 | _aAGRONEGÓCIO | ||
| 650 | _aCOOPERATIVISMO | ||
| 650 | _aPOLÍTICA GOVERNAMENTAL | ||
| 650 | _aTRANSFERÊNCIA DE TECNOLOGIA | ||
| 650 | _aADOÇÃO DE INOVAÇÕES | ||
| 650 | _aTECNOLOGIA APROPRIADA | ||
| 650 | _aMEIO AMBIENTE | ||
| 650 | _aDESENVOLVIMENTO ECONÔMICO | ||
| 650 | _aRECURSO ENERGÉTICO | ||
| 773 | 0 |
_tAgroanalysis (Brazil) _xISSN 0100-4298 _g(May 2007), v. 27(5) p. 27 _wBR0703657 |
|
| 909 |
_a202311 _bLúcia _c55 _dLúcia Elande |
||
| 942 |
_2AGRIS _n0 _cANA |
||
| 999 |
_c189657 _d189657 |
||